000 01721nam a2200157 4500
008 700.92 OL45m
082 _a700.92
_bOL45m
100 _aRamírez, Mari Carmen
_91764
110 _aMONDONGO
_97223
245 _aMONDONGO está en el detalle...
_c26,6 x 29,5 cm
260 _aBuenos Aires
_bMONDONGO
_c2017
300 _a196 p.
_bil. (col)
_c26,6 x 29,5 cm
505 _tIndice
_tPresentación
_tEntrando en detalle: el arte y artistas de otra índole
_tIntroducción
_tMONDONGO está en el detalle: diálogo con Theodor Adorno y los artistas
_tLa intensidad de las tensiones
_tEl encantamiento desencantado
_tLa desartistización
_tLa microestética del detalle
_tLa mente fragmentaria
_tEsencia colectiva y posibilidad
_tRestos objetuales
_tTécnica como toma de posición
_tHistoria constitutiva del material
_tAutenticidad y desalienación
_tParodia negativa recontrabarroca
_tLa constelación del payaso y el mono
_tLa intrahistoria del detalle: el efecto archimboldo
_tLa interioridad exteriorizada
_tRuptura de la unidad: el reti-made
_tEl recontrapoder del fragmento
_tLa vitalidad de la muerte
_t¿Querer utopia hoy...?
_tColofón
_tPara más detalles: diálogo con Jacques Rancière y los artistas
_tEl animal apolítico
_tRégimen estético
_tEl poderoso átomo
_tLa vida rotativa
_tLa tesis del paréntesis
_tLa ruinas circulares
_tCoda
_t(Ultimando detalles): los autores y las obras mencionadas
_tSobre el autor
_tSobre los artistas
_tObras referidas (series)
_tCalaveras
_tRetratos
_tRetablos
_tRomeo y Julieta
_tRío de la Plata
_tNegra
_tMerca
_tRoja
_tTener un mundo
_tArgentina
_tDiálogos
650 _xarte contemporáneo
_xarte - colectivos
_xArgentina
_xarte - biografía
_97224
700 _aOlea, Héctor
_97225
999 _c1866
_d1866